[Event "Bionext Festival 2019"]
[Site "Chihuahua"]
[Date "2019.11.30"]
[Round "5.1"]
[White "Ortiz Suarez, Isan Reynaldo"]
[Black "Cori, Jorge"]
[Result "1-0"]
[WhiteElo "2549"]
[BlackElo "2651"]
[Annotator "TA"]
[PlyCount "114"]
[EventDate "2019.11.30"]
[EventType "swiss"]
[EventCountry "MEX"]
[SourceTitle "playchess.com"]
[Source "ChessBase"]
[SourceQuality "1"]

{[%evp 11,114,25,22,0,36,0,0,0,0,0,1,-18,35,47,35,33,42,48,50,49,61,55,73,79,91,68,100,43,85,62,66,69,63,62,101,88,110,87,87,94,99,90,100,102,118,44,45,44,54,39,102,87,127,55,99,44,79,87,85,84,82,71,83,87,82,60,172,182,182,181,214,212,189,192,290,275,273,275,274,266,241,248,298,298,495,493,510,499,491,481,447,433,418,339,458,407,360,250,506,484,499,406,490,464,443]} 1. e4 c5 2. Nf3 Nc6 3. Bb5 g6 4. Bxc6 dxc6 5. d3 Bg7 6. h3 Nf6 7. Bd2 {B31: Sicilian: 2...Nc6 3 Bb5 g6} (7. Nc3 Nd7 8. Be3 e5 9. Qd2 h6 10. O-O b6 11. Nh2 Nf6 12. a3 Be6 13. b4 Nd5 14. exd5 cxd5 15. Qe1 d4 16. Bd2 dxc3 17. Bxc3 {½-½ (33) Dominguez Perez,L (2763)-Abasov,N (2632) Khanty-Mansiysk 2019}) 7... Nd7 8. Bc3 e5 9. Nbd2 {The position is equal.} Qe7 $146 ({Predecessor:} 9... Qc7 10. Nc4 b5 11. Ba5 Qb8 12. Ncd2 O-O 13. O-O Re8 14. Nb3 Qd6 {1-0 (66) Gonzalez Vidal,Y (2564)-Hernandez Sanchez,J (2377) Havana 2018}) 10. Nc4 b6 11. a4 a5 (11... f6 $11) 12. O-O O-O 13. b3 Ba6 14. Nfd2 Rab8 15. Qe2 Bh6 16. Ne3 f6 17. Rae1 Rbe8 18. Ndc4 Qd8 19. Qd1 (19. Qg4 $16) 19... Qc7 20. h4 Bxc4 21. bxc4 Qd6 22. h5 Qe6 23. Ng4 Bg7 24. hxg6 hxg6 25. f4 exf4 26. Rxf4 Ne5 27. Ref1 Nxg4 28. Rxg4 (28. Qxg4 $16 Qxg4 29. Rxg4) 28... f5 $14 29. Bxg7 Kxg7 30. Qa1+ Kg8 (30... Qe5 $14 31. Qxe5+ Rxe5 32. exf5 Rexf5) 31. Rh4 $16 {Intending Qh8+ and mate.} Rf6 {[#]} 32. Rhf4 (32. g4 $1 $16 {[%mdl 512] Black must now prevent g5.} Qe5 (32... fxg4 33. Rxf6) 33. Qxe5 Rxe5 34. gxf5) 32... Ref8 33. R1f3 (33. g4 $1 $16) 33... g5 34. exf5 Rxf5 35. Re4 $1 {[%cal Re4e6]} (35. Rxf5 $6 Rxf5 36. Rxf5 (36. Rh3 Re5 $11) 36... Qxf5 $11) 35... Qd6 36. Rxf5 (36. Rh3 $6 R8f6 $11) 36... Rxf5 {[%mdl 4096] Endgame KQR-KQR} 37. Qe1 Kf7 38. Qe2 $1 Qf6 {[#]} (38... Kg7 $14) 39. g3 $1 $18 (39. Qh5+ $6 Kg7 $16) 39... Qd6 40. Kg2 Qf6 {[#]} 41. Re3 $1 Kg6 42. Re8 Qf7 (42... Kg7 $142 43. Rb8 Qf7 44. Rxb6 Rf6) 43. Qe4 Kh6 44. Re6+ ({Stronger than} 44. Qxc6+ Rf6 $11) 44... Rf6 45. Rxc6 Rxc6 46. Qxc6+ {[%mdl 64] Double Attack. KQ-KQ} Kg7 47. Qxb6 g4 $2 (47... Qe8 {is a better defense.} 48. Qxc5 Qxa4 49. Qxg5+ Kf8 50. Qd8+ Kg7 51. Qd4+ Kf7 52. Qf2+ Kg6) 48. Qc6 Qh5 49. Qd7+ Kf8 50. Qd8+ Kg7 51. Qe7+ Kg8 {Now ...Qh3+ and Black clings on.} 52. Qh4 Qf5 53. Qd8+ Kg7 {intending ...Qf3+.} 54. Qd5 (54. Qxa5 Qf3+ 55. Kh2 Qf2+ 56. Kh1 Qf1+ 57. Kh2 Qf2+ 58. Kh1 Qf1+ 59. Kh2 Qf2+ $11 {[%mdl 64] Double Attack}) 54... Qc8 $2 (54... Qf6 55. Qd7+ (55. Qxc5 Qf3+ 56. Kh2 Qe2+ {[%mdl 64] Double Attack} 57. Kg1 Qd1+ 58. Kg2 Qf3+ 59. Kh2 Qe2+ {[%mdl 64] Double Attack} 60. Kg1 Qd1+ 61. Kg2 Qxc2+ 62. Qf2 Qxd3 $11) 55... Kh6 56. Qxg4 Qc6+ 57. Kg1 Qxa4 58. Qe6+ Kh5 59. Qf5+ Kh6 60. Qf8+ Kg6 61. Qd6+ (61. Qxc5 Qxc2 62. Qd6+ Kf5 $16) 61... Kh5 62. Qxc5+ Kg4) 55. Kf2 Qf8+ 56. Ke2 Qe8+ 57. Kd2 Qxa4 {Accuracy: White = 67%, Black = 37%.} 1-0

[Event "Bionext Festival 2019"]
[Site "Chihuahua"]
[Date "2019.11.30"]
[Round "5.2"]
[White "Castillo Coca, Mairebis"]
[Black "Cuenca Jimenez, Jose Fernando"]
[Result "0-1"]
[WhiteElo "2134"]
[BlackElo "2523"]
[Annotator "TA"]
[PlyCount "120"]
[EventDate "2019.11.30"]
[EventType "swiss"]
[EventCountry "MEX"]
[SourceTitle "playchess.com"]
[Source "ChessBase"]
[SourceQuality "1"]

{[%evp 13,142,0,0,0,10,7,6,-10,-13,-13,-26,-22,-25,-35,-35,-35,-32,-27,-32,-47,-34,-36,-29,-44,-27,-39,-42,-71,-70,-236,-243,-233,-227,-243,-227,-252,-249,-268,-278,-277,-192,-201,-193,-237,-222,-215,-208,-228,-224,-299,-286,-260,-277,-266,-245,-452,-431,-405,-308,-383,-360,-537,-538,-435,-421,-603,-594,-604,-593,-556,-462,-475,-471,-467,-449,-980,-558,-550,-471,-473,-474,-470,-376,-350,0,-467,-451,-469,-477,-467,-414,-467,-467,-464,-429,-426,-425,-416,-422,-418,-418,-409,-402,-402,-381,-391,-402,-393,-377,-517,-515,-576,-556,-483,-501,-769,-778,-747,-746,-747,-734,-725,-689,-5826,-5810,-5531,-4997,-6215,-5945,-5065,-3595]} 1. d4 d5 2. Nf3 Nf6 3. Bf4 e6 4. e3 c5 5. c3 Nc6 {[%cal Bb8c6,Bc6e7,Be7f5][%mdl 32]} 6. Nbd2 Bd6 7. Bg3 O-O 8. Ne5 {D02: 1 d4 d5 2 Nf3 sidelines, including 2...Nf6 3 g3 and 2...Nf6 3 Bf4} Ne7 9. Bd3 b6 10. f4 {The position is equal.} Bb7 11. Qf3 Nf5 12. Bf2 Be7 13. Qh3 Ne4 14. Rd1 $146 ({Predecessor:} 14. Nxe4 dxe4 15. Be2 cxd4 16. exd4 e3 17. Bxe3 Bxg2 18. Qxg2 Nxe3 19. Qe4 Qd5 20. Bf3 Qxe4 {½-½ (20) Florescu,C (2269)-Jianu,V (2558) Arad 2017}) 14... f6 15. Nef3 Qc8 $36 {[%mdl 2048] Black is more active.} 16. Bb1 c4 17. O-O b5 18. g4 {[#] And now Nxe4 would win.} Nfd6 19. a3 a5 20. Bg3 Ra6 21. f5 $2 (21. Bf2 $15) 21... exf5 $19 22. gxf5 Nxf5 ({Don't play} 22... Qxf5 23. Qxf5 Nxf5 24. Nxe4) 23. Bf2 Nfd6 24. Qg2 Rb6 25. Be1 Nf5 26. Qe2 Re8 27. Nxe4 dxe4 28. Nd2 Nd6 29. Bg3 Bd5 30. Qh5 Qe6 31. Kh1 g6 32. Qe2 b4 33. axb4 axb4 34. Rf4 $2 (34. Bxd6 {was worth a try.} Bxd6 35. b3 bxc3 36. bxc4) 34... bxc3 35. bxc3 Rb2 36. Qe1 f5 ({Don't take} 36... Qh3 37. Rf2 $19) 37. Kg1 (37. Rf1 $142) 37... Nb5 38. Nf1 Ra8 39. Rf2 (39. Rc1 $142) 39... Rxf2 40. Kxf2 Ra3 41. Rc1 {[#]} Rxc3 $1 {[%mdl 576] Remove Defender} 42. Rxc3 Bb4 {[%mdl 64] Pin, Skewer} 43. Bc2 {intending Qb1.} Nxc3 ({Less strong is} 43... Bxc3 44. Qb1 $19) 44. Qa1 (44. Bf4 $142) 44... Qb6 45. Be5 Qa5 46. Qxa5 Bxa5 47. Ng3 Nb5 48. Ba4 Nc3 49. Bc2 $1 Bb4 50. h4 Nb5 51. Ne2 Na3 52. Ba4 c3 53. Nf4 Bf7 54. d5 c2 55. Bb2 Nc4 56. Bc1 Ba3 57. Ne2 Bxc1 58. Nxc1 {[%mdl 4096] Endgame KBN-KBN} Na3 59. d6 {Hoping for d7.} Kf8 60. Kg3 Bc4 {Played: Na3-c4} 0-1

[Event "Bionext Festival 2019"]
[Site "Chihuahua"]
[Date "2019.11.30"]
[Round "5.3"]
[White "Macieja, Bartlomiej"]
[Black "Rascon Vega, Alfonso"]
[Result "1-0"]
[WhiteElo "2513"]
[BlackElo "2077"]
[Annotator "TA"]
[PlyCount "67"]
[EventDate "2019.11.30"]
[EventType "swiss"]
[EventCountry "MEX"]
[SourceTitle "playchess.com"]
[Source "ChessBase"]
[SourceQuality "1"]

{[%evp 18,67,59,39,31,26,39,28,75,72,58,53,70,64,73,85,93,63,89,67,99,97,235,220,199,209,200,199,197,179,274,286,345,337,329,321,364,383,380,324,468,467,496,489,616,614,607,607,625,624,628,550]} 1. Nf3 Nf6 2. c4 d6 3. d4 g6 4. Nc3 Bg7 5. e4 O-O 6. h3 Na6 7. Bg5 c5 8. d5 h6 9. Be3 e6 10. Bd3 exd5 {E90: King's Indian: Classical: Early deviations and 6 h3} 11. exd5 Nc7 12. Qd2 Re8 {White has an edge.} 13. O-O Kh7 14. a4 b6 15. Bf4 (15. Rae1 a6 16. Bf4 Rxe1 17. Rxe1 Rb8 18. Qe3 {½-½ (28) Romanov,E (2576)-Vovk,A (2616) Fagernes 2019}) 15... Nh5 $146 ({Predecessor:} 15... a6 16. Rfb1 Nh5 17. Bh2 f5 18. b4 {½-½ (67) Viland,B (2202)-Koznjak,M (2264) Pula 1999}) 16. Bh2 f5 17. Kh1 Qf6 18. Ng1 Kg8 19. Be2 Ba6 {[#]} (19... Qd4 $16 20. Qc2 Qf6) 20. g4 $1 $18 {[%cal Rg4h5]} fxg4 21. hxg4 Rxe2 22. Ncxe2 {Strongly threatening b3.} ({Much less strong is} 22. Qxe2 Qh4) 22... Bxc4 23. gxh5 Bxd5+ (23... g5 {was called for.} 24. Qc2 Bxd5+ 25. f3 Qxb2 26. Qxb2 Bxb2) 24. f3 g5 25. Nc3 Bc6 26. Qxd6 Ne8 27. Qxf6 Nxf6 28. Rad1 Rf8 (28... Ng4 $142 29. Rde1 Rd8) 29. Rd6 {White is clearly winning.} Ba8 30. Be5 g4 31. Bxf6 Bxf6 32. Kg2 gxf3+ 33. Nxf3 Be5 34. Rxh6 {Accuracy: White = 79%, Black = 48%.} 1-0

[Event "Bionext Festival 2019"]
[Site "Chihuahua"]
[Date "2019.12.01"]
[Round "5.4"]
[White "Hernandez Jimenez, Alexander Andres"]
[Black "Tello Chavez, Isaac Valent"]
[Result "0-1"]
[WhiteElo "2135"]
[BlackElo "2274"]
[Annotator "TA"]
[PlyCount "103"]
[EventDate "2019.11.30"]
[EventType "swiss"]
[EventCountry "MEX"]
[SourceTitle "playchess.com"]
[Source "ChessBase"]
[SourceQuality "1"]

{[%evp 9,103,33,27,28,34,31,34,36,47,40,41,18,48,39,39,10,45,0,0,-35,-2,-6,0,0,0,-42,-31,-50,-45,-52,-48,-62,-68,-91,-92,-113,-93,-114,-110,-121,-121,-117,-115,-112,-102,-118,-106,-104,-104,-98,-97,-101,-84,-102,-77,-106,-93,-148,-147,-143,-144,-160,-90,-145,-157,-141,-125,-116,0,-6,-8,-215,-210,-208,-208,-173,-1,-1,0,0,0,0,2072,1916,1504,1071,29985,29986,29989,29990,29990,29991,29991,29980,29980,29981]} 1. e4 c6 2. d4 d5 3. exd5 cxd5 4. Bd3 Nf6 5. c3 Qc7 (5... Nc6 6. Bf4 Bg4 7. Qb3 Na5 8. Qa4+ Bd7 9. Qc2 a6 10. Nd2 e6 11. Ngf3 Bb5 12. Bxb5+ axb5 13. a3 Be7 14. O-O O-O 15. Rae1 Nc4 16. Ne5 Ra6 17. Nd3 Rc6 {1-0 (82) Aronian,L (2765)-Karjakin,S (2753) Kolkata 2018}) 6. Ne2 {B13: Caro-Kann: Exchange Variation and Panov-Botvinnik Attack} Bg4 7. f3 Bh5 8. Bf4 {White is slightly better.} Qb6 9. Qb3 $146 ({Predecessor:} 9. Qc2 e6 10. O-O Bg6 11. b3 Nc6 12. Re1 Rc8 13. Qd2 {0-1 (42) Charouz,J (1663)-Kostka,V (1805) Karvina 2012}) 9... Nbd7 10. Na3 a6 11. Qxb6 Nxb6 12. Bc7 Nbd7 13. Nf4 Rc8 14. Nxh5 Rxc7 (14... Nxh5 {is more complex.} 15. Bg3 Nxg3 16. hxg3 e6 17. Nc2 h5) 15. Nxf6+ gxf6 16. Nc2 e6 17. O-O Bd6 18. f4 f5 19. Ne3 Nf6 20. c4 dxc4 21. Nxc4 Ke7 22. Rae1 Rd8 23. a3 Kf8 24. Ne5 Rcc8 25. Rc1 Bc7 26. Be2 Bb6 27. Nf3 Rxc1 28. Rxc1 Bxd4+ 29. Nxd4 Rxd4 $17 {[%mdl 4096] Endgame KRB-KRN} 30. Bf3 Rd7 31. Rc8+ Ke7 32. Rb8 Ne4 33. g4 (33. b4 $142) 33... Kf6 $1 34. g5+ Kg7 35. h4 h6 (35... Rd3 $142 36. Bg2 Rb3) 36. Bxe4 (36. a4 $142) 36... fxe4 {KR-KR} 37. Kf2 hxg5 38. fxg5 Kg6 ({Black should try} 38... Rd2+ $17 39. Ke3 Rxb2) 39. Rg8+ $11 Kh7 40. Rb8 $2 (40. Rf8 $1 $11) 40... Rd2+ $19 41. Ke3 Rxb2 42. Kxe4 {[#]} Rb3 $2 (42... Rh2 $1 $19 {White must now prevent ...Kg7.} 43. Rxb7 Rxh4+ 44. Kd3 Kg6) 43. h5 $11 b5 44. Rb7 Kg8 45. Rb8+ Kg7 $2 {[%mdl 8192]} (45... Kh7 $11) 46. h6+ $18 Kh7 {[#]} 47. Rf8 $1 Rxa3 48. Rxf7+ {White mates.} Kg8 49. g6 Rh3 50. h7+ Kh8 51. Rf8+ Kg7 52. Rg8+ {[%mdl 32768] Accuracy: White = 51%, Black = 55%. . Loss on time!?} 0-1

[Event "Bionext Festival 2019"]
[Site "Chihuahua"]
[Date "2019.12.01"]
[Round "5.5"]
[White "Gomez, Zuniga David Fernand"]
[Black "Corrales Jimenez, Zenia"]
[Result "1-0"]
[WhiteElo "2078"]
[BlackElo "2219"]
[Annotator "RC"]
[PlyCount "45"]
[EventDate "2019.11.30"]
[EventType "swiss"]
[EventCountry "MEX"]
[SourceTitle "playchess.com"]
[Source "ChessBase"]
[SourceQuality "1"]
[TimeControl "5400+30"]

1. d4 {[%emt 0:00:00]} Nf6 {[%emt 0:00:09]} 2. Nf3 {[%emt 0:00:00]} g6 {[%emt 0:00:06]} 3. g3 {[%emt 0:00:00]} Bg7 {[%emt 0:00:10]} 4. Bg2 {[%emt 0:00:00]} O-O {[%emt 0:00:26]} 5. c4 {[%emt 0:00:03]} d5 {[%emt 0:00:05]} 6. O-O {[%emt 0:00:05]} dxc4 {[%emt 0:00:31]} 7. Na3 {[%emt 0:00:40]} Nc6 {[%emt 0:00:42]} 8. Nxc4 {[%emt 0:00:28]} Be6 {[%emt 0:00:10]} 9. b3 {[%emt 0:00:09]} Bd5 {[%emt 0:00:28]} 10. Bb2 {[%emt 0:00:07]} a5 {[%emt 0:00:40]} 11. Rc1 {[%emt 0:00:07]} Qc8 {[%emt 0:00:05]} 12. Nfe5 {[%emt 0:16:07]} Bxg2 {[%emt 0:12:28]} 13. Kxg2 {[%emt 0:02:24]} Qe6 {[%emt 0:00:18]} 14. e3 {[%emt 0:09:06]} Nxe5 {[%emt 0:11:34]} 15. Nxe5 {[%emt 0:00:52]} c6 {[%emt 0:00:44]} 16. a3 {[%emt 0:19:45]} Rfd8 {[%emt 0:07:19]} 17. Kg1 {[%emt 0:04:03]} c5 {[%emt 0:05:50]} 18. Rxc5 {[%emt 0:09:46]} Ne4 {[%emt 0:00:18]} 19. Rb5 {[%emt 0:00:15]} Qa6 {[%emt 0:17:09]} 20. a4 {[%emt 0:00:52]} Nd6 {[%emt 0:00:45]} 21. Rc5 {[%emt 0:00:40]} Ne4 {[%emt 0:01:18]} 22. Rb5 {[%emt 0:00:40]} b6 {[%emt 0:39:45]} 23. Nc4 {[%emt 0:35:21]} 1-0

[Event "Bionext Festival 2019"]
[Site "Chihuahua"]
[Date "2019.11.30"]
[Round "5.6"]
[White "Rodriguez Rivera, Pedro"]
[Black "Sierra Arballo, Jesus"]
[Result "1-0"]
[WhiteElo "2188"]
[BlackElo "2046"]
[Annotator "TA"]
[PlyCount "59"]
[EventDate "2019.11.30"]
[EventType "swiss"]
[EventCountry "MEX"]
[SourceTitle "playchess.com"]
[Source "ChessBase"]
[SourceQuality "1"]

{[%evp 14,62,10,17,21,11,25,22,17,25,29,19,14,16,93,90,119,112,111,50,58,56,52,48,54,25,32,25,31,16,27,1,36,30,64,66,260,265,277,285,254,254,349,346,1805,1700,1543,1242,1148,1120,5489]} 1. e4 c5 2. Nc3 e6 3. g3 Nc6 4. d3 g6 5. Bg2 Bg7 6. Be3 b6 7. Qd2 Bb7 8. Nge2 d6 {B24: Closed Sicilian: 3 g3 sidelines} 9. O-O Nge7 10. Bh6 O-O {The position is equal.} 11. Bxg7 Kxg7 12. d4 e5 {[%cal Rc5d4]} 13. d5 Na5 $146 (13... Nd4 $11) ({Predecessor:} 13... Nd4 14. f4 f5 15. Rf2 Qd7 16. Re1 {½-½ (64) Nadj Hedjesi,B (2463)-Videnova,I (2197) Belgrade 2009}) 14. b3 $16 Bc8 15. f4 f6 16. fxe5 (16. Nd1 $16) 16... fxe5 $14 17. Rxf8 Qxf8 18. Rf1 Qe8 19. Nd1 Nb7 20. Kh1 Nd8 21. Ng1 Nf7 22. Ne3 Ba6 23. c4 $36 {[%mdl 2048] White has good play.} Rd8 24. Bh3 {Hoping for Be6.} Bc8 $2 {[#]} ({Black should play} 24... Ng8 $1 $14) 25. Be6 $1 $18 (25. Qf2 Ng8 $14) 25... Nh8 26. Nf3 {aiming for Ng4.} h6 27. Nh4 Bxe6 28. dxe6 Qg8 $2 (28... Qc6 29. Nd5 Nxd5 30. cxd5 (30. exd5 Qc7 $18) 30... Qb7) 29. Ng4 {[%csl Gg4][%cal Rd2h6] [#] White is clearly winning.} g5 30. Rf6 {Played: Nh4-f5} 1-0

[Event "Bionext Festival 2019"]
[Site "Chihuahua"]
[Date "2019.11.30"]
[Round "5.7"]
[White "Rose, Felix"]
[Black "Hernandez Moya, Yuleisy"]
[Result "0-1"]
[WhiteElo "2059"]
[BlackElo "2181"]
[Annotator "TA"]
[PlyCount "80"]
[EventDate "2019.11.30"]
[EventType "swiss"]
[EventCountry "MEX"]
[SourceTitle "playchess.com"]
[Source "ChessBase"]
[SourceQuality "1"]

{[%evp 16,80,10,4,2,0,0,0,0,-2,17,14,24,10,0,-19,-17,-106,-80,-84,-85,-97,-96,-96,-96,-93,-44,-107,-95,-93,-75,-92,-98,-164,-150,-164,-139,-156,-155,-250,-249,-226,-246,-337,-262,-250,-261,-238,-252,-245,-150,-152,-101,-116,-113,-238,-238,-233,-218,-408,-417,-414,-412,-1155,-1154,-1723,-1610]} 1. e4 e6 2. d4 d5 3. Nc3 Bb4 4. e5 c5 5. a3 Bxc3+ 6. bxc3 Qa5 7. Bd2 Qa4 8. Qb1 c4 9. h4 Nc6 {C18: French: 3 Nc3 Bb4: Main line: 7 h4 and 7 Qg4} 10. h5 (10. Ne2 Bd7 11. Nf4 Nge7 12. h5 h6 13. g3 O-O-O 14. Bh3 a6 15. Qb2 Kb8 16. O-O Ka7 17. Kh2 {1-0 (53) Kobalia,M (2608)-Savchenko,B (2581) Moscow 2019}) 10... h6 11. f4 Nge7 {The position is equal.} 12. Nf3 Qa5 13. Be2 Bd7 14. Nh4 O-O-O 15. Bg4 $146 ({Predecessor:} 15. Qb2 Rdf8 16. Rb1 Qc7 17. Be3 {1-0 (54) Das,S (2442)-Paltrinieri,N (2293) Stockholm 2017}) 15... Rdg8 16. O-O {[#]} (16. Qc1 $11 {keeps the balance.}) 16... Nxd4 $1 {[%mdl 512]} 17. Qb4 (17. cxd4 Qxd2) 17... Ndc6 18. Qxa5 Nxa5 19. f5 Nac6 20. Rae1 Nxf5 21. Nxf5 (21. Bxf5 $15 exf5 22. Nxf5 Bxf5 23. Rxf5) 21... exf5 $17 22. Bxf5 Be6 23. Bxe6+ fxe6 24. Rf7 (24. Be3 $17) 24... Nd8 $1 $19 {[%cal Rd8f7]} 25. Re7 g6 $1 26. Be3 gxh5 27. Rb1 (27. Rf1 $17 {keeps fighting.}) 27... Rg6 28. Bxa7 {intending Bb6.} Rhg8 29. Bb6 Nc6 30. Rc7+ Kb8 31. Rh7 Rxg2+ 32. Kf1 R2g7 (32... Rxc2 33. Bc5 $15) 33. Rxh6 Nxe5 (33... Rf8+ $142 34. Rf6 Re8) 34. Rxe6 $17 Nf3 {...Nd2+ is the strong threat.} 35. Ke2 {[#]} (35. Rb5 $17) 35... Ng5 $1 $19 {[%cal Rg5e6]} 36. Re5 Ne4 37. Ke3 $2 {[#]} (37. Re1 {was necessary.}) 37... Rg3+ $1 38. Kd4 Nd2 39. Bc7+ (39. Rh1 $142 Nf3+ {[%mdl 64] Double Attack} 40. Kxd5 Nxe5 {[%mdl 64] Discovered Attack} 41. Kxe5) 39... Kxc7 40. Re7+ {[#]} Kd6 $1 {Accuracy: White = 35%, Black = 77%.} 0-1

[Event "Bionext Festival 2019"]
[Site "Chihuahua"]
[Date "2019.12.01"]
[Round "5.8"]
[White "Ramirez Ruacho, Juan Manuel"]
[Black "Garcia Quiroz, Omar Alejandro"]
[Result "0-1"]
[WhiteElo "2175"]
[BlackElo "2034"]
[Annotator "TA"]
[PlyCount "64"]
[EventDate "2019.11.30"]
[EventType "swiss"]
[EventCountry "MEX"]
[SourceTitle "playchess.com"]
[Source "ChessBase"]
[SourceQuality "1"]

{[%evp 9,71,-24,-7,-56,-51,-46,-16,-35,-20,-29,-31,-56,-38,-94,-97,-124,-106,-98,-35,-118,-79,-101,-102,-185,-165,-193,-194,-174,-181,-182,-174,-171,-176,-179,-181,-492,-506,-529,-522,-564,-574,-552,-285,-285,-251,-237,-198,-191,-194,-197,-196,-232,-230,-627,-587,-578,-573,-617,-531,-714,-686,-29996,6706,4986]} 1. d4 Nf6 2. Nd2 d5 3. e3 Bf5 4. Bd3 e6 (4... Bg6 5. Ngf3 e6 6. O-O Bd6 7. Bxg6 hxg6 8. Re1 O-O 9. c4 c6 10. e4 dxe4 11. Nxe4 Nxe4 12. Rxe4 Be7 {½-½ (12) Lajthajm,B (2401)-Ivanov,M (2397) Novi Sad 2016}) 5. h3 $146 ({Predecessor:} 5. Bxf5 exf5 6. Ngf3 Nbd7 7. a3 Bd6 8. O-O Ne4 9. c4 c6 10. c5 Bc7 11. g3 Ndf6 {0-1 (45) Ottens,J (1448)-Gildehaus,S (1642) Germany 2007}) 5... Bd6 6. g4 {A45: Trompowsky Attack} Bxd3 7. cxd3 Nc6 8. f4 {The position is equal.} Nd7 9. Ndf3 f6 10. Ne2 e5 $36 {[%mdl 2048] Black has the initiative.} 11. Kf2 {[#]} ({Better is} 11. O-O $15) 11... Qe7 $1 $17 12. Qb3 Nb6 13. Bd2 Qf7 ({Black should try} 13... O-O-O $17) 14. a3 (14. a4 $15 a5 15. dxe5 fxe5 16. f5) 14... h5 15. f5 O-O-O 16. Ng3 (16. Bb4 $17 {was necessary.}) 16... exd4 17. exd4 hxg4 18. hxg4 g6 19. Ne4 gxf5 20. Nxd6+ cxd6 21. g5 {[#]} f4 $1 {[%mdl 512] ...fxg5 is the strong threat.} 22. a4 $2 (22. Rag1 {is tougher.} fxg5 23. Rxh8 Rxh8 24. Rxg5) (22. Bxf4 fxg5) 22... fxg5 $19 {aiming for ...g4.} 23. a5 Nd7 24. Nxg5 Qf5 25. a6 {[%csl Ga6][%cal Rb3b7]} b6 {Strongly threatening ...Rxh1.} 26. Qc3 Ndb8 {White must now prevent ...Rxh1.} 27. Nf3 Rhg8 ({But not} 27... Rxh1 28. Rxh1 Rg8 29. Qc1) 28. Rh4 Rg3 29. Bxf4 Rg4 30. Rxg4 Qxg4 31. Bxd6 $2 (31. Bh6) 31... Rxd6 32. Rg1 Qe6 {Played: Qg4-f4} 0-1

[Event "Bionext Festival 2019"]
[Site "Chihuahua"]
[Date "2019.12.01"]
[Round "5.9"]
[White "Guerrero Rodriguez, Alejandra"]
[Black "Pina Gonzalez, Jose Antonio"]
[Result "1/2-1/2"]
[WhiteElo "2016"]
[BlackElo "2170"]
[Annotator "TA"]
[PlyCount "113"]
[EventDate "2019.11.30"]
[EventType "swiss"]
[EventCountry "MEX"]
[SourceTitle "playchess.com"]
[Source "ChessBase"]
[SourceQuality "1"]

{[%evp 16,113,31,31,32,0,26,31,33,0,12,0,0,0,28,21,37,40,197,197,195,209,183,175,211,209,224,56,55,54,46,33,34,43,44,47,59,56,83,66,159,35,35,35,35,31,140,129,139,126,145,131,182,182,223,216,303,302,298,304,300,294,282,117,94,0,0,0,105,108,166,146,145,149,147,140,143,140,150,142,150,148,139,141,135,8,8,6,37,37,63,12,12,8,8,12,24,8,24,-747]} 1. e4 e5 2. Nf3 Nc6 3. Bb5 a6 4. Ba4 Nf6 5. O-O b5 6. Bb3 Be7 7. d4 d6 8. c3 O-O 9. h3 Nd7 {C84: Closed Ruy Lopez: Unusual White 6th moves} (9... Bb7 10. Nbd2 exd4 11. cxd4 Nb4 12. Qe2 c5 13. a3 Nc6 14. dxc5 dxc5 15. Rd1 Qc7 16. e5 Nd7 17. e6 fxe6 18. Qxe6+ {0-1 (60) Yeletsky,I (2406)-Pridorozhni,A (2568) Moscow 2019}) 10. Nbd2 Bf6 11. d5 Ne7 $146 {[%cal Bc6e7,Be7g6,Bg6f4][%mdl 32] White is slightly better.} ({Predecessor:} 11... Na5 12. Bc2 Nb6 13. Qe2 c6 14. dxc6 {½-½ (14) Vesselovsky,S (2400)-Lahner,J (2241) Frydek Mistek 2005}) 12. Qe2 Ng6 13. Re1 Nf4 14. Qf1 Nc5 15. Bc2 $1 a5 16. Nb3 b4 $2 ({Better is} 16... Nxb3 $14 17. axb3 Bd7) 17. Nxc5 $18 dxc5 18. Bxf4 exf4 19. e5 Be7 20. Qc4 {aiming for d6.} g6 21. Qxf4 $2 (21. Rad1 $18) 21... bxc3 $14 22. bxc3 Qxd5 23. Be4 Qc4 24. Nd2 Qa4 25. Qf3 $36 {[%mdl 2048] White fights for an advantage.} Ra6 26. Bd5 Qc2 27. Ne4 Rb6 (27... Qa4 $14) 28. Nf6+ (28. Bb3 $1 $16 {[%cal Rb3c2]} Qb2 29. Rab1) 28... Bxf6 $1 29. exf6 Qf5 30. Qxf5 gxf5 (30... Bxf5 $14 31. Re7 Rxf6) 31. Re7 $1 $16 Rd6 32. Bc4 c6 33. Ra7 Rxf6 (33... Be6 $16 {was worth a try.}) 34. Rxa5 $18 f4 35. Rxc5 f3 (35... Kh8 $142 36. Kh2 Rg8) 36. g4 Rh6 37. Kh2 Kh8 38. Kg3 f5 {intending ...f4+.} 39. gxf5 (39. h4 $18) 39... Bxf5 $16 40. h4 (40. Bf1 $16) 40... Rg6+ $1 $11 41. Kxf3 Bh3+ (41... Rg7 $11) 42. Ke3 $16 Rgf6 (42... Re8+ $16 {might work better.} 43. Kd2 Rf6) 43. Rg5 Rf3+ {[#]} 44. Kd4 $1 c5+ 45. Kxc5 {And now Rag1 would win.} Rxc3 {White must now prevent ...Rc8+.} 46. Kb4 Rc2 47. Rag1 {White threatens Rg8+ and mate.} Rb8+ 48. Rb5 Rc8 {[#]} 49. Bb3 $1 {[%cal Rb3c2]} Rxf2 50. Rg3 (50. a4 $16) 50... Rf4+ $11 51. Ka3 Ra8+ 52. Kb2 Rf2+ 53. Kc3 ({White should play} 53. Bc2 $14 Rh2 54. Rh5 Rb8+ 55. Rb3 Rxb3+ 56. axb3 (56. Kxb3 Be6+ 57. Kc3 Bxa2 $14)) 53... Rc8+ 54. Kd4 Rf4+ 55. Ke3 Rxh4 56. Rbg5 {Intending Rg8+ and mate.} h6 57. R5g4 $2 {[%mdl 40960] Accuracy: White = 45%, Black = 51%. . An unexpected result.} (57. Rg8+ $11 Rxg8 58. Rxg8+ (58. Bxg8 Bf5 $11) 58... Kh7 59. Rb8) 1/2-1/2